000 00256nam a2200097Ia 4500
001 719113
005 20250826163036.0
008 250824s9999 xx 000 0 und d
245 0 _aMÜSLÜMANLARIN TARİHİ 3
_cİHSAN SÜREYYA SIRMA
260 _bBEYAN YAYINLARI
999 _c719113
_d719113